| 000 | 00934nam a22003017a 4500 | ||
|---|---|---|---|
| 001 | 000686 | ||
| 003 | DO-SdBNP | ||
| 005 | 20240723113251.0 | ||
| 007 | 000686 | ||
| 008 | 151210b2001 sp 00| 0 spa d | ||
| 020 | _a8433969293 | ||
| 040 |
_aBPMSU _bspa _cBPMSU |
||
| 082 | 4 |
_a895.734 _bC456e 2001 _222 |
|
| 100 | 1 |
_aChang,-Rae, Lee _d1965- |
|
| 240 | 1 | 0 | _a |
| 245 | 1 | 3 |
_aEn lengua materna / _cChang-rae Lee ; traducción Jesús Zulaika |
| 260 |
_aBarcelona ; _bAnagrama, _c2001. |
||
| 300 |
_a354 p.; _c22 cm. |
||
| 490 | 0 |
_aPanorama de narrativas, _v471 |
|
| 500 | _aIncluye datos biográficos del autor en la solapa de la cubierta | ||
| 534 |
_pTítulo original. : _tNative speaker. |
||
| 590 | _aInventariado, 2024/VM | ||
| 650 | 4 | _aNovela coreana. | |
| 650 | 4 |
_aCoreanos en Estados Unidos _vNovela. |
|
| 700 | 1 |
_aZulaika, Jesús, _etraductor |
|
| 910 | _aVMateo V. Control de calidad. BPMSU | ||
| 942 |
_2ddc _cBK |
||
| 999 |
_c11444 _d11444 |
||